Score 0/7 Timer 03:00
0 Plays Today
Question Answer Wrong Answers
The immigrant inspection station on this island in Upper New York Bay, which was the gateway for over 12 million immigrants to the US, ceases operations.
1954
Ellis Island
94.3%
Angel Island
0.7%
Staten Island
3.8%
Governors Island
0.8%
Known locally as the Bay Bridge, the complex of bridges spanning ______ in California opens to traffic.
1936
San Francisco Bay
93.4%
Monterey Bay
2.4%
Santa Monica Bay
3.3%
San Pedro Bay
0.8%
This American actress, who rose to prominence with roles in films like ‘The Princess Diaries’ and ‘The Devil Wears Prada’, is born.
1982
Anne Hathaway
86.7%
Sandra Bullock
2.5%
Natalie Portman
5.4%
Scarlett Johansson
4.4%
Ramzi Yousef is found guilty of masterminding the 1993 ______ bombing in New York.
1997
World Trade Center
82.9%
Empire State Building
6.1%
Statue of Liberty
1.9%
Madison Square Garden
7.7%
Silvio Berlusconi tenders his resignation as Prime Minister of ______, due in large part to the European sovereign debt crisis.
2011
Italy
81.7%
France
2.1%
Greece
12.9%
Belgium
1.6%
Independent investigative journalist Seymour Hersh breaks the story of this event, later described as ‘the most shocking episode of the Vietnam War’.
1969
My Lai Massacre
75.6%
Gulf of Tonkin Incident
9.8%
Fall of Saigon
9.3%
Operation Rolling Thunder
4.4%
Crown Prince ______ is formally installed as Emperor of Japan, becoming the 125th Japanese monarch.
1990
Akihito
52.6%
Hirohito
28.6%
Yoshihito
13.4%
Mutsuhito
4%
Remove Ads.
Support Sporcle.
Get the best of Sporcle when you Go Orange. This ad-free experience offers more features, more stats, and more fun while also helping to support Sporcle. Thank you for becoming a member.

You're not logged in!

Compare scores with friends on all Sporcle quizzes.
OR
Log In

Show Comments

Extras

Top Quizzes Today


Score Distribution

Your Account Isn't Verified!

In order to create a playlist on Sporcle, you need to verify the email address you used during registration. Go to your Sporcle Settings to finish the process.

Report this User

Report this user for behavior that violates our Community Guidelines.

Details: